Papers (Record no. 23266)

MARC details
000 -LEADER
fixed length control field 00287nam a2200109Ia 4500
082 ## - DEWEY DECIMAL CLASSIFICATION NUMBER
Classification number 324.54 SEM
100 ## - MAIN ENTRY--AUTHOR NAME
Personal name Seminar on the Electoral System in India (1985 : Jan 18-20 : Karnal)
245 #0 - TITLE STATEMENT
Title Papers
Sub Title :
260 ## - PUBLICATION, DISTRIBUTION, ETC. (IMPRINT)
Place of publication Karnal
Name of publisher Dyal Singh College
Year of publication n.d.
300 ## - PHYSICAL DESCRIPTION
Number of Pages v.p.
942 ## - ADDED ENTRY ELEMENTS (KOHA)
Koha item type Books
Source of classification or shelving scheme Dewey Decimal Classification
Holdings
Withdrawn status Lost status Damaged status Not for loan Home library Current library Date acquired Bill Date Full call number Accession Number Price effective from Koha item type
        NASSDOC Library NASSDOC Library 08/10/2004 2008-12-30 324.54 SEM 33650 09/07/2019 Books